Catalog

Record Details

Catalog Search



Total Ankle Arthroplasty Historical Overview, Current Concepts and Future Perspectives  Cover Image E-book E-book

Total Ankle Arthroplasty [electronic resource] : Historical Overview, Current Concepts and Future Perspectives / by Beat Hintermann.

Record details

  • ISBN: 9783211272541
  • Physical Description: XVIII, 214 S. Zahlr. Abb., z.Tl. in Farbe. online resource.
  • Publisher: Vienna : Springer Vienna, 2005.
Subject: Medicine.
Orthopedics.
Orthopedic surgery.
Surgery.
Thoracic surgery.
Medicine & Public Health.
Surgical Orthopedics.
Orthopedics.
Surgery.
Thoracic Surgery.

Electronic resources


LDR 01475nam a22004335i 4500
00121021
003CONS
00520131218170320.0
007cr nn 008mamaa
008100301s2005 au | s |||| 0|eng d
020 . ‡a9783211272541 ‡9978-3-211-27254-1
0247 . ‡a10.1007/b138824 ‡2doi
035 . ‡a(DE-He213)978-3-211-27254-1
050 4. ‡aRD701-811
072 7. ‡aMNS ‡2bicssc
072 7. ‡aMN ‡2bicssc
072 7. ‡aMED065000 ‡2bisacsh
1001 . ‡aHintermann, Beat. ‡eauthor.
24510. ‡aTotal Ankle Arthroplasty ‡h[electronic resource] : ‡bHistorical Overview, Current Concepts and Future Perspectives / ‡cby Beat Hintermann.
264 1. ‡aVienna : ‡bSpringer Vienna, ‡c2005.
300 . ‡aXVIII, 214 S. Zahlr. Abb., z.Tl. in Farbe. ‡bonline resource.
336 . ‡atext ‡btxt ‡2rdacontent
337 . ‡acomputer ‡bc ‡2rdamedia
338 . ‡aonline resource ‡bcr ‡2rdacarrier
347 . ‡atext file ‡bPDF ‡2rda
650 0. ‡aMedicine.
650 0. ‡aOrthopedics.
650 0. ‡aOrthopedic surgery.
650 0. ‡aSurgery.
650 0. ‡aThoracic surgery.
65014. ‡aMedicine & Public Health.
65024. ‡aSurgical Orthopedics.
65024. ‡aOrthopedics.
65024. ‡aSurgery.
65024. ‡aThoracic Surgery.
7102 . ‡aSpringerLink (Online service)
7730 . ‡tSpringer eBooks
77608. ‡iPrinted edition: ‡z9783211212523
85640. ‡uhttp://biblioteca.ipicyt.edu.mx:2048/login?url=http://dx.doi.org/10.1007/b138824 ‡yTexto completo ‡9CONS
950 . ‡aMedicine (Springer-11650)
901 . ‡a21021 ‡b ‡c21021 ‡tbiblio ‡sSystem Local

Additional Resources